| 000 | 01008ngm a22003010a 4500 | ||
|---|---|---|---|
| 001 | PT16673 | ||
| 003 | AR-LpoUNG | ||
| 005 | 20210202000221.0 | ||
| 007 | vd cvaizq | ||
| 008 | 191001s1993||||ag |||||||||||||||||spa d | ||
| 037 | _c$8.3 | ||
| 040 |
_aAR-LpoUNG _bspa _cAR-LpoUNG _eaacr |
||
| 041 | _aspa | ||
| 044 | _aag | ||
| 082 | 0 | _a302.54 454eso | |
| 100 | 1 |
_aBemberg, María Luisa _edir. |
|
| 245 | 1 | 0 | _aDe eso no se habla |
| 260 |
_aSan Luis : _bAVH, _c[1993]. |
||
| 300 | _aVHS (106 min.) : son., col. | ||
| 505 | 0 | _aGuión: Jorge Goldember. | |
| 520 | _aEn un pequeño pueblo de provincia vive Leonor, una viuda hermosa, y Ludovico, un extravagante solterón. Su fama de aventurero, su próspera situación económica hacen que las mujeres suspiren por él. A partir de esta historia de amor loco se desencadena el destino de nuestros personajes. | ||
| 650 | 4 | _aFAMILIA | |
| 650 | 4 | _aRELACIONES HUMANAS | |
| 650 | 4 | _aSOCIEDAD | |
| 653 | _aVIDEOS | ||
| 905 | _a16673 | ||
| 942 | _cVIDEO | ||
| 999 |
_c54367 _d54367 |
||